[Event "Tuimazy RB-ch YM 98/99"]
[Site "Tuimazy"]
[Date "2015.08.18"]
[Round "5"]
[White "Zinatullin, Ildar"]
[Black "Sibagatullin, Timur"]
[Result "0-1"]
[WhiteElo "1798"]
[BlackElo "1784"]
[PlyCount "90"]
[EventDate "2015.08.18"]
[EventType "tourn"]
[EventRounds "7"]
[EventCountry "RUS"]
[SourceTitle "EXT 2022"]
[Source "ChessBase"]
[SourceDate "2021.10.06"]
[SourceVersion "1"]
[SourceVersionDate "2021.10.06"]
[SourceQuality "1"]

1. e4 d6 2. d4 Nd7 3. c3 g6 4. Bd3 Bg7 5. Ne2 e5 6. d5 Ngf6 7. Ng3 0-0 8. 0-0 a5 9. Be3 c6 10. c4 h5 11. Bg5 Qb6 12. Qd2 Nc5 13. Nc3 Re8 14. Be2 Qc7 15. f4 exf4 16. Rxf4 Nh7 17. h4 f6 18. Raf1 fxg5 19. Rf7 Re7 20. Rxe7 Qxe7 21. hxg5 Qxg5 22. Qxg5 Nxg5 23. Bf3 Bd4+ 24. Kh1 Bxc3 25. bxc3 h4 26. Ne2 Ncxe4 27. Bxe4 Nxe4 28. Rf4 Ng3+ 29. Nxg3 hxg3 30. Rf3 cxd5 31. cxd5 Bf5 32. Rxg3 Rc8 33. Re3 b5 34. Kh2 Rc5 35. Kg3 Rxd5 36. Kf4 Kf7 37. g4 Be6 38. Rh3 Kf6 39. Rh7 Rg5 40. Rb7 Rd5 41. Rb8 Rc5 42. Ke4 Bxa2 43. Rf8+ Ke7 44. Rh8 Rxc3 45. Rh7+ Kf6 0-1

[Event "Tuimazy RB-ch YM 98/99"]
[Site "Tuimazy"]
[Date "2015.08.18"]
[Round "7"]
[White "Zinatullin, Ildar"]
[Black "Sukhanov, Ivan"]
[Result "1/2-1/2"]
[WhiteElo "1798"]
[BlackElo "1999"]
[PlyCount "120"]
[EventDate "2015.08.18"]
[EventType "tourn"]
[EventRounds "7"]
[EventCountry "RUS"]
[SourceTitle "EXT 2022"]
[Source "ChessBase"]
[SourceDate "2021.10.06"]
[SourceVersion "1"]
[SourceVersionDate "2021.10.06"]
[SourceQuality "1"]

1. e4 c6 2. d4 d5 3. exd5 cxd5 4. Bd3 Nf6 5. Ne2 g6 6. Ng3 Nc6 7. c3 Bg7 8. 0-0 0-0 9. Bf4 a6 10. Re1 b5 11. a3 Na5 12. Nd2 Nc4 13. Nxc4 bxc4 14. Bc2 Bd7 15. Be5 Qb6 16. Rb1 Qa5 17. h4 Bg4 18. Qd2 Ra7 19. Qg5 h6 20. Qf4 Bc8 21. Nf1 Qd8 22. Ng3 Rb7 23. Qf3 Ng4 24. Bxg7 Kxg7 25. Ne2 e5 26. dxe5 Qxh4 27. Nf4 Qh2+ 28. Kf1 Re7 29. Nxd5 Rxe5 30. Rxe5 Qxe5 31. Qe4 Qxe4 32. Bxe4 f5 33. Bf3 Nh2+ 34. Kg1 Nxf3+ 35. gxf3 Bb7 36. Nc7 Kf6 37. Rd1 Rc8 38. Nd5+ Bxd5 39. Rxd5 Rc6 40. f4 g5 41. fxg5+ Kxg5 42. Kg2 h5 43. Kg3 Rb6 44. f4+ Kg6 45. Rc5 Rxb2 46. Rxc4 Rb6 47. a4 Rd6 48. a5 Kf7 49. Kh4 Rd5 50. Rc7+ Ke8 51. Kxh5 Rxa5 52. Kg5 Kd8 53. Ra7 Ke8 54. c4 Rc5 55. Rxa6 Rxc4 56. Kxf5 Kf7 57. Ra7+ Kf8 58. Kg5 Rc6 59. f5 Rb6 60. Rh7 Rc6 1/2-1/2

[Event "Ufa Young Cup"]
[Site "Ufa"]
[Date "2012.10.12"]
[Round "7.10"]
[White "Mustafina, Ilzida"]
[Black "Zinatullin, Ildar"]
[Result "0-1"]
[WhiteElo "1763"]
[BlackElo "1578"]
[PlyCount "110"]
[EventDate "2012.10.09"]
[EventType "swiss"]
[EventRounds "9"]
[EventCountry "RUS"]
[SourceTitle "EXT 2022"]
[Source "ChessBase"]
[SourceDate "2021.10.06"]
[SourceVersion "1"]
[SourceVersionDate "2021.10.06"]
[SourceQuality "1"]

1. d4 e6 2. c4 d5 3. Nc3 Nf6 4. Bg5 Be7 5. Nf3 h6 6. Bh4 Ne4 7. Bxe7 Qxe7 8. e3 Qb4 9. Qc2 Nxc3 10. Qxc3 Qxc3+ 11. bxc3 b6 12. cxd5 exd5 13. Bd3 0-0 14. 0-0 Ba6 15. Bxa6 Nxa6 16. Rfc1 c5 17. c4 dxc4 18. Rxc4 b5 19. Rc3 c4 20. Rb1 Rab8 21. Ra3 Rb6 22. Ne5 Rc8 23. Nd7 Rd6 24. Ne5 b4 25. Ra4 c3 26. Rc1 c2 27. Nd3 Rc3 28. Ne1 Nc5 29. Rxb4 Nd3 30. Rb8+ Kh7 31. Rxc2 Rxc2 32. Nxc2 Rc6 33. Ne1 Nxe1 34. Rb7 Nd3 35. Kf1 Rf6 36. f3 Ra6 37. Rb3 Nc1 38. Rb1 Nxa2 39. Ra1 Nb4 40. Rxa6 Nxa6 41. Ke2 Kg6 42. Kd3 Nb4+ 43. Kc3 Nd5+ 44. Kd3 Nxe3 45. Kxe3 Kf5 46. g3 Ke6 47. Kd3 Kd5 48. Kc3 f5 49. f4 h5 50. h3 a5 51. g4 hxg4 52. hxg4 fxg4 53. f5 g3 54. Kd3 g2 55. Ke3 g1Q+ 0-1

[Event "Ufa Young Cup"]
[Site "Ufa"]
[Date "2012.10.11"]
[Round "5.14"]
[White "Khasanshin, Amir"]
[Black "Zinatullin, Ildar"]
[Result "0-1"]
[WhiteElo "1697"]
[BlackElo "1578"]
[PlyCount "152"]
[EventDate "2012.10.09"]
[EventType "swiss"]
[EventRounds "9"]
[EventCountry "RUS"]
[SourceTitle "EXT 2022"]
[Source "ChessBase"]
[SourceDate "2021.10.06"]
[SourceVersion "1"]
[SourceVersionDate "2021.10.06"]
[SourceQuality "1"]

1. c4 e6 2. d4 d5 3. Nc3 Nf6 4. Nf3 c5 5. Bg5 cxd4 6. Nxd4 Bc5 7. Nf3 Qb6 8. e3 Qxb2 9. Bxf6 gxf6 10. Qc1 Ba3 11. Ne2 Qb4+ 12. Qd2 dxc4 13. Rd1 Nc6 14. g3 Qxd2+ 15. Nxd2 Bb4 16. Rc1 Ne5 17. Nc3 Bxc3 18. Rxc3 b5 19. f4 Bb7 20. e4 b4 21. Re3 Ng4 22. Re2 Rc8 23. h3 Nh6 24. Rhh2 Rg8 25. Re3 Ba6 26. Kd1 Ke7 27. a3 b3 28. Nxb3 Bb5 29. Na5 Rc5 30. Ke1 Ba4 31. Nxc4 Bb5 32. Nd2 Bc6 33. Nb3 Rh5 34. Be2 Ng4 35. Rc3 Nxh2 36. Bxh5 Bxe4 37. Kf2 e5 38. Re3 Bd5 39. Kg1 Rb8 40. Nd2 Rb2 41. Rd3 Bc6 42. Rc3 Rxd2 43. Rxc6 e4 44. Rc7+ Kd6 45. Rxa7 Nf3+ 46. Bxf3 exf3 47. Rxf7 Ke6 48. Rxh7 Kf5 49. Rf7 Rg2+ 50. Kf1 Rxg3 51. Kf2 Rxh3 52. Ke3 f2+ 53. Kxf2 Rxa3 54. Ke2 Ra4 55. Ke3 Re4+ 56. Kf3 Rxf4+ 57. Kg3 Rg4+ 58. Kf3 Ra4 59. Rf8 Ra3+ 60. Ke2 Ke5 61. Re8+ Kf4 62. Rf8 f5 63. Rf7 Re3+ 64. Kd2 Re8 65. Rg7 Kf3 66. Kd3 Rd8+ 67. Kc2 f4 68. Rf7 Ke3 69. Re7+ Kf2 70. Rf7 f3 71. Rf6 Ke2 72. Re6+ Kf1 73. Rf6 f2 74. Rf7 Rg8 75. Kd3 Kg2 76. Ke2 Re8+ 0-1